000 00383nam a22001457a 4500
008 250605b |||||||| |||| 00| 0 eng d
020 _a8184110464
050 _aQC 30
_b.C 43
100 _aChari K.V.N.B
245 _aTechniques of teaching physics
260 _aNew Delhi
_bSonali publicaations
_c2017
300 _a228p
650 _aPhysics- study and teaching
942 _cBK
999 _c3802
_d3802